000 00558nam a2200193Ia 4500
005 20250508152337.0
008 008 250505s9999 xx 000 0 eng d
037 _aTextual
040 _aFEDL
_beng
_cFEDL
041 _aeng
_2eng
084 _a301.15, FER
_qFEDL
100 _aFerriere Adolphe
_9761247
245 0 _aPsychological types and the stages of man's development
260 _aLondon, UK
_bWilliam Heinemann Ltd.
_c1958
300 _ax,165p.
650 _aSociology
942 _cTEXL
_h301.15, FER
999 _c1335823
_d1335823